000 00293nam a22001337a 4500
008 181008b xxu||||| |||| 00| 0 eng d
020 _a9781416035329
041 _aeng
080 _a616-053
100 _a8
101 _aPED
245 _aNeuroimaging Clinics
_cCastillo,M
942 _2udc
_cBK
999 _c48983
_d48983